MARC

LEADER 00000nam0a2200000 4500
001 327923
005 20231102004016.0
035 |a (RuTPU)RU\TPU\book\353610 
090 |a 327923 
100 |a 20170208d1937 km y0rusy50 ca 
101 0 |a rus 
102 |a RU 
105 |a a z 000zb 
200 1 |a Дневники художника  |f Н. Купреянов 
210 |a Москва  |a Ленинград  |c Искусство  |d 1937 
215 |a 248 с.  |c ил. 
600 1 |a Купреянов  |b Н. Н.  |c художник  |c станковый и книжный график  |c гравер  |f 1894-1933  |g Николай Николаевич  |2 stltpush  |3 (RuTPU)RU\TPU\pers\16214  |9 5761 
606 1 |a Граверы  |2 stltpush  |3 (RuTPU)RU\TPU\subj\8408  |9 35823 
610 1 |a изобразительное искусство 
610 1 |a графическое искусство 
610 1 |a художники 
610 1 |a СССР 
610 1 |a путевые записки 
610 1 |a зарисовки 
610 1 |a дневники 
675 |a 76.071  |v 4 
700 1 |a Купреянов  |b Н.  |g Николай Николаевич 
801 1 |a RU  |b 63413507  |c 20170208 
801 2 |a RU  |b 63413507  |c 20201005  |g RCR 
942 |c BK